000 00627nam a2200193 i 4500
001 88464
003 ES-MaACL
005 20230906175851.0
007 t|
008 050104s1932 fr ||||1| fre d
100 1 _aLalande, André.
_969725
245 1 0 _aVocabulaire technique et critique de la philosophie /
_cAndré Lalande.
250 _a4eme ed. notablemet augmentée.
260 _aParís :
_bFélix Alcan,
_c1932 (
_fBrodard et Taupin)
300 _a3 v. ;
_c25 cm.
594 _aPrecede al tít.: Société Française de Philosophie.
650 0 4 _aFilosofía-
_xTerminología.
_912827
852 _aES-MaACL
_jA-1019-21
999 _c88464
_d88464